000 00658nam a2200205Ia 4500
003 GCL
008 140319s9999 xx 000 0 ara d
040 _aGCL /
_cGCL
082 0 4 _a597.5
_bح ا
100 1 _aحسين فرج زين الدين
245 1 0 _aالاسماك العظمية: (واسماك الزينة) /
_cحسين فرج زين الدين
260 _a[S.N] :
_bدار الفكر العربى
490 _aعالم الحيوان
_v0
650 0 4 _aالتربية
650 0 4 _aالاسماك
650 0 4 _aالاحياء المائية
650 0 4 _aاسماك الزينة
650 0 4 _aمصائد الاسماك
942 _2ddc
_cBK
999 _c58910
_d58910